Most famous religions in the world - Statistics

General Stats
  • This quiz has been taken 43 times
  • The average score is 5 of 13
Answer Stats
Numbers Answer % Correct
1.9 billion Islam
97%
2.3 billion Christianity
87%
500 million Buddhism
77%
15 million Judaism
77%
30 million Sikhism
41%
4 million Jainism
21%
4 million Shintoism
21%
400 million Confucianism
18%
1.2 billion Atheist
10%
8 million Baha'i Faith
5%
60 million Voodoo
5%
400 million Animists
3%
1.2 billion Hindouism
3%
No matching quizzes found
Score Distribution
Percent of People with Each Score
Percentile by Number Answered
Your Score History
You have not taken this quiz